00380 2200169 4500001002100000005001700021035002400038040001200062082001100074084001500085245001700100260003100117300002700148650001100175850001200186990001200198YOGYA00000000001371720170116111009.0 0010-081400000013435 aYOPDYOG a551.46 a551.46 Dit aDi tepi laut aJakarta :bGramedia,c1978 a31 hlm.bilus.c21 cm. aPantai aYOPDYOG a37695.B